000
00301nam a22001337a 4500
008
230130b ||||| |||| 00| 0 eng d
041
_a
eng
080
_2
VOLUME 80
_a
573
082
_a
573HAD
100
_a
16
101
_a
BIO
245
_a
BRITISH MYCOLOGICAL SOCIETY
_c
HADLEY G S
942
_2
udc
_c
BK
999
_c
59292
_d
59292